Spell The Country: Whammies - Statistics

General Stats
  • This quiz has been taken 548 times
  • The average score is 52 of 74
Answer Stats
Flag Answer % Correct
E
99%
M
99%
C
98%
I
98%
O
98%
X
98%
A
92%
E
92%
I
92%
L
92%
R
92%
S
92%
L
78%
S
78%
E
77%
B
76%
C
76%
E
76%
E
76%
E
76%
H
76%
L
76%
L
76%
M
76%
S
76%
U
76%
X
76%
Y
76%
O
75%
G
74%
R
74%
U
74%
H
73%
I
73%
P
73%
L
72%
I
71%
P
71%
I
68%
P
68%
E
67%
N
67%
S
67%
I
63%
L
63%
C
61%
E
61%
H
61%
E
60%
T
60%
A
59%
E
59%
I
59%
I
59%
K
59%
L
59%
N
59%
N
59%
N
59%
R
59%
S
59%
S
59%
T
59%
A
58%
K
57%
Y
56%
G
55%
R
55%
Y
52%
A
50%
N
50%
Z
50%
S
49%
T
49%
No matching quizzes found
Score Distribution
Percent of People with Each Score
Percentile by Number Answered
Your Score History
You have not taken this quiz